<?xml version="1.0" encoding="UTF-8"?>
<record
    xmlns:xsi="http://www.w3.org/2001/XMLSchema-instance"
    xsi:schemaLocation="http://www.loc.gov/MARC21/slim http://www.loc.gov/standards/marcxml/schema/MARC21slim.xsd"
    xmlns="http://www.loc.gov/MARC21/slim">

  <leader>00593nam a2200181Ia 4500</leader>
  <controlfield tag="008">100917s9999    xx            000 0 und d</controlfield>
  <datafield tag="082" ind1=" " ind2=" ">
    <subfield code="b">49903</subfield>
  </datafield>
  <datafield tag="100" ind1=" " ind2=" ">
    <subfield code="a">&#x92D;&#x91F; &#x92E;. &#x926;&#x93E;.</subfield>
  </datafield>
  <datafield tag="245" ind1=" " ind2=" ">
    <subfield code="a">&#x938;&#x902;&#x91A;&#x93F;&#x924; &#x926;&#x930;&#x94D;&#x936;&#x928; (&#x906;. 2 &#x930;&#x940;.)</subfield>
  </datafield>
  <datafield tag="260" ind1=" " ind2=" ">
    <subfield code="b">&#x915;&#x947; &#x935;&#x93E;. &#x91C;&#x94B;&#x936;&#x940;</subfield>
    <subfield code="c">1965</subfield>
  </datafield>
  <datafield tag="300" ind1=" " ind2=" ">
    <subfield code="a">224</subfield>
  </datafield>
  <datafield tag="365" ind1=" " ind2=" ">
    <subfield code="b">15</subfield>
  </datafield>
  <datafield tag="520" ind1=" " ind2=" ">
    <subfield code="a">&#x917;&#x941;&#x922;&#x935;&#x93F;&#x926;&#x94D;&#x92F;&#x93E; , &#x91C;&#x94D;&#x92F;&#x94B;.</subfield>
  </datafield>
  <datafield tag="630" ind1=" " ind2=" ">
    <subfield code="a">&#x938;&#x902;&#x91A;&#x93F;&#x924; &#x926;&#x930;&#x94D;&#x936;&#x928; (&#x906;. 2 &#x930;&#x940;.)</subfield>
  </datafield>
  <datafield tag="650" ind1=" " ind2=" ">
    <subfield code="a">&#x917;&#x941;&#x922;&#x935;&#x93F;&#x926;&#x94D;&#x92F;&#x93E; , &#x91C;&#x94D;&#x92F;&#x94B;.</subfield>
  </datafield>
  <datafield tag="730" ind1=" " ind2=" ">
    <subfield code="a">&#x938;&#x902;&#x91A;&#x93F;&#x924; &#x926;&#x930;&#x94D;&#x936;&#x928; (&#x906;. 2 &#x930;&#x940;.)</subfield>
  </datafield>
  <datafield tag="942" ind1=" " ind2=" ">
    <subfield code="c">BOOK</subfield>
  </datafield>
  <datafield tag="999" ind1=" " ind2=" ">
    <subfield code="c">655297</subfield>
    <subfield code="d">655294</subfield>
  </datafield>
  <datafield tag="952" ind1=" " ind2=" ">
    <subfield code="0">0</subfield>
    <subfield code="1">0</subfield>
    <subfield code="4">0</subfield>
    <subfield code="7">0</subfield>
    <subfield code="a">PUNMGS</subfield>
    <subfield code="b">PUNMGS</subfield>
    <subfield code="c">&#x92B; &#x932; &#x923; 864 &#x925; 65</subfield>
    <subfield code="d">2010-09-17</subfield>
    <subfield code="g">15.00</subfield>
    <subfield code="l">0</subfield>
    <subfield code="p">PUNMGS-49903</subfield>
    <subfield code="r">2010-09-17 00:00:00</subfield>
    <subfield code="w">2010-09-17</subfield>
    <subfield code="y">BOOK</subfield>
    <subfield code="z">&#x938;&#x93E;&#x916;&#x933;&#x940; &#x92F;&#x94B;&#x91C;&#x928;&#x93E; </subfield>
  </datafield>
</record>
